15 Brock Lesnar Questions - Statistics

General Stats
  • This quiz has been taken 28 times
  • The average score is 9 of 15
Answer Stats
Hint Answer % Correct
How many times has Brock Lesnar won at Wrestlemania? 6
89%
How many times has Brock Lesnar lost at Wrestlemania? 6
89%
How many times has Lesnar been WWE World Heavyweight Champion? 10
85%
How many times has Lesnar been Universal Champion? (Red Universal Championship) 3
85%
What was Lesnar's last Royal Rumble win? (Year) 2022
81%
What was Lesnar's first Royal Rumble win? (Year) 2003
74%
Who did Lesnar face at Wrestlemania 20? (Also regarded as his worst match and one of the worst WM matches) Goldberg
74%
What was Lesnar's nickname in the WWE? The Beast Incarnate
67%
Who did he defeat to gain the WWE championship 6 months after his debut? The Rock
67%
What football team did Lesnar play on in his NFL career after he left WWE in 2004? Minnesota Vikings
52%
Who was Lesnar's first televised opponent in WWE? (Hint: It was his opponent in his first PPV match) Jeff Hardy
48%
What state in the U.S was Lesnar born in? South Dakota
33%
Who did he defeat to win King Of The Ring in 2002? Rob Van Dam
26%
What was Lesnar's first pay-per-view match? (Hint: It was also his first televised match in WWE) Backlash
22%
What position did he play in his NFL career? Defensive tackle
22%
No matching quizzes found
Score Distribution
Percent of People with Each Score
Percentile by Number Answered
Your Score History
You have not taken this quiz